000 00292nam a2200121Ia 4500
008 190216s9999||||xx |||||||||||||| ||und||
100 _aLawrence D H
245 4 _aThe Plumed Serpant
260 _bPenguin Books
_c1978
300 _a445p
650 _aEnglish Novel-English Novel
942 _cBK
999 _c12250
_d12250